COMO ESTABLECER Y ALCANZAR METAS Y OBJETIVOS (Registro nro. 37293)
[ vista simple ]
| 000 -LEADER | |
|---|---|
| fixed length control field | 00545nam a2200193 a 4500 |
| 001 - CONTROL NUMBER | |
| control field | 37293 |
| 005 - DATE AND TIME OF LATEST TRANSACTION | |
| control field | 20180714010157.0 |
| 008 - FIXED-LENGTH DATA ELEMENTS--GENERAL INFORMATION | |
| fixed length control field | 140415s1994 000 0 spa d |
| 020 ## - INTERNATIONAL STANDARD BOOK NUMBER | |
| International Standard Book Number | 9706250794 |
| 041 ## - LANGUAGE CODE | |
| Language code of text/sound track or separate title | spa |
| 082 ## - DEWEY DECIMAL CLASSIFICATION NUMBER | |
| Classification number | 658.008 |
| Item number | ROV |
| 100 1# - MAIN ENTRY--PERSONAL NAME | |
| Personal name | ROVILLARD, LARRIE |
| 245 10 - TITLE STATEMENT | |
| Title | COMO ESTABLECER Y ALCANZAR METAS Y OBJETIVOS |
| 260 ## - PUBLICATION, DISTRIBUTION, ETC. | |
| Place of publication, distribution, etc. | [s.l.] : |
| Name of publisher, distributor, etc. | GRUPO EDITORIAL IBEROAMERICA, |
| Date of publication, distribution, etc. | 1994 |
| 300 ## - PHYSICAL DESCRIPTION | |
| Extent | 83 |
| 490 ## - SERIES STATEMENT | |
| Series statement | SERIE CINCUENTA MINUTOS |
| 650 14 - SUBJECT ADDED ENTRY--TOPICAL TERM | |
| Topical term or geographic name entry element | ADMINISTRACION |
| General subdivision | EXITO |
| 700 1# - ADDED ENTRY--PERSONAL NAME | |
| Personal name | SCHLITTLER, JAIME |
| Relator term | tr. |
| Withdrawn status | Lost status | Source of classification or shelving scheme | Damaged status | Not for loan | Collection code | Home library | Current library | Shelving location | Date acquired | Source of acquisition | Inventory number | Total Checkouts | Full call number | Barcode | Date last seen | Price effective from | Koha item type |
|---|---|---|---|---|---|---|---|---|---|---|---|---|---|---|---|---|---|
| Dewey Decimal Classification | General | Biblioteca Karol Wojtyla | Biblioteca Karol Wojtyla | Sala general | 03/12/2013 | Compra | 151000000000000000020416 | 658.008 ROV | 56097 | 05/01/2026 | 03/12/2013 | Libro |